Dans quels départements sont ces villes d'Auvergne Rhônes Alpes ? - Statistiques

Statistiques générales
  • Ce quiz a été pris 116 fois
  • Le résultat moyen est 30 sur 41
Statistiques - réponses
Hint Réponse % Correct
Lyon Rhône
100%
Villeurbanne Rhône
93%
Grenoble Isère
91%
Saint Étienne Loire
90%
Vénissieux Rhône
90%
Clermont Ferrand Puy de Dôme
89%
Valence Drôme
87%
Saint Priest Rhône
85%
Sainte Foy lès Lyon
Rhône
85%
Bron Rhône
83%
Chambéry Savoie
82%
Bourg en Bresse Ain
81%
Vaulx en Velin Rhône
81%
Caluire et Cuire Rhône
81%
Montélimar Drôme
78%
Tassin la Demi Lune Rhône
78%
Villefranche sur Saône Rhône
77%
Décines-Charpieu Rhône
77%
Meyzieu Rhône
76%
Annecy Haute Savoie
75%
Échirolles Isère
74%
Rillieux la Pape Rhône
72%
Thonon les Bains Haute Savoie
70%
Oullins-Pierre-Bénite Rhône
70%
Saint Genis Laval
Rhône
70%
Roanne Loire
69%
Oyonnax Ain
68%
Aurillac Cantal
66%
Bourgoin-Jallieu Isère
65%
Montluçon Allier
62%
Aix les Bains Savoie
62%
Vichy Allier
61%
Voiron
Isère
61%
Annemasse Haute Savoie
59%
Saint Chamond Loire
59%
Cournon d'Auvergne Puy de Dôme
59%
Saint Martin d'Hères Isère
56%
Vienne Isère
54%
Givors
Rhône
53%
Romans sur Isère Drôme
52%
Fontaine Isère
32%
Aucun quiz correspondant
Distribution des résultats
% des personnes avec chaque résultat
Percentile par nombre de réponses
Votre historique - résultats
Vous n’avez pas pris ce quiz